000 00542nam a2200229Ia 4500
999 _c9510
_d9510
003 0100
005 20181120091551.0
008 130303s9999 xx 000 0 und d
020 _a860913295
040 _cARRUPELIB
050 _aJC311.A656 1991
100 _aAnderson, Benedict
_943509
245 _aImagined communities
_breflections on the origin and spread of nationalism
_cBenedict Anderson
260 _aLondon
_bVerso
_c1991
300 _axv, 224p. ;
_c25cm.
650 _bNationalism
_943510
700 _aBenedict Anderson
_943511
942 0 0 _01
_2lcc
_cMONOGRAPH